00756nam a2200193 a 450000100100000000500170001000800410002704000250006808200150009324500970010826000380020530000200024349000290026370000320029271000720032483000360039695201130043299900170054500003000220200930055955.0110428s1989 dr d 000 0 spa d aDO-SdBNPbspacBNPHU axxxbT291i10aTendencias en la investigación de la enfermedad diarreica aguda /ceditor Hugo R. Mendoza. aSanto Domingo, :bCENISMI,c1989. a25 p. ;c27 cm.1 aPublicaciones técnicas1 aMendoza, Hugo R.eed.963902 aCentro Nacional de Investigaciones en Salud Materno Infantil955757 0aPublicaciones técnicas955758 0010718PDaPDbPDcCTd2011-04-28iLF1l0oxxx T291ip30002-10r2020-06-25w2020-06-25yLFPDZNo se presta c29494d29494